• 首页
  • 本馆介绍
  • 公告通知
  • 最新文献
  • 馆藏检索
  • 电子资源
  • 读者导购
  • 参考咨询
  • 我的图书馆
  • 登录
  • 详细信息显示
  • 放入我的书架
  • 预约/预借图书
  • 作者相关作品
  • 分类相关作品
  • 丛书相关作品
  • 出版社相关作品

书目信息

  • 表格格式
  • 工作单格式
  • 卡片格式
题名:
计量地理学实习教程
    
 
作者: 丁在尚 , 丁祖荣 编著
分册:  
出版信息: 合肥   安徽人民出版社  2005
页数: 270页
开本: 23cm
丛书名:
单 册:
中图分类: P91-45
科图分类:
主题词: 计量地理学--实习--师范大学--教材 , 计量地理学
电子资源:
ISBN: 7-212-02665-4
000 01063nam0 2200265 450
001 012007059935
005 20070515144105.14
010    @a7-212-02665-4@dCNY24.50
100    @a20070427d2005 km y0chiy0120 ea
101 0  @achi
102    @aCN@b340000
105    @ay z 000yy
106    @ar
200 1  @a计量地理学实习教程@Aji liang di li xue shi xi jiao cheng@f丁在尚,丁祖荣编著@Fding zai shang,ding zu rong bian zhu
210    @a合肥@c安徽人民出版社@d2005
215    @a270页@d23cm
300    @a安徽省教育厅自然科学基金资助项目安徽师范大学重点学科——自然地理学学科建设基金资助项目
330    @a全书分为QBASIC语言的操作知识,统计分析基础、地理相关与谐谱分析、地理回归分析、地理聚类与判断分析、地理主要成分与马尔可夫分析等9章。系统介绍了计量地理学方法的分析步骤和应用源程序的使用方法及技巧。
606 0  @a计量地理学@x实习@x师范大学@j教材
606 0  @a计量地理学
690    @aP91-45@v4
701  0 @a丁在尚@Ading zai shang@f(1950~)@4编著
701  0 @a丁祖荣@Ading zu rong@c(地理学)@4编著
801  0 @aCN@bRULIN@c20070515
905    @dP91-45@e105@s8
    
    计量地理学实习教程/丁在尚,丁祖荣编著.-合肥:安徽人民出版社,2005
    270页;23cm
    安徽省教育厅自然科学基金资助项目安徽师范大学重点学科——自然地理学学科建设基金资助项目
    
    ISBN 7-212-02665-4:CNY24.50
    全书分为QBASIC语言的操作知识,统计分析基础、地理相关与谐谱分析、地理回归分析、地理聚类与判断分析、地理主要成分与马尔可夫分析等9章。系统介绍了计量地理学方法的分析步骤和应用源程序的使用方法及技巧。
●
相关链接 在E读中查询图书 在五车中查询图书 在当当中查询图书 在豆瓣中查询图书


正题名:计量地理学实习教程     索取号:P91-45/105         预约/预借

序号 登录号 条形码 馆藏地/架位号 状态 备注
1 0571236   205712362   第二样本阅览室/ [索取号:P91-45/105] 在馆    
2 0571237   205712371   第三借阅区/ [索取号:P91-45/105] 在馆    
3 0571238   205712380   第三借阅区/ [索取号:P91-45/105] 在馆    
4 0571239   205712399   第三借阅区/ [索取号:P91-45/105] 在馆    
5 0571240   205712406   第三借阅区/ [索取号:P91-45/105] 在馆    
6 0571241   205712415   第三借阅区/ [索取号:P91-45/105] 在馆    
7 0571242   205712424   第三借阅区/ [索取号:P91-45/105] 在馆    
8 0571243   205712433   第三借阅区/ [索取号:P91-45/105] 在馆    
唐山师范学院图书馆 欢迎您!
大连网信软件有限公司© 版权所有